Statistics for Starter Pokemon

Click here to take the quiz!

General Stats

  • This quiz has been taken 826 times
    (452 since last reset)
  • The average score is 50 of 72

Answer Stats

RegionPokemon% Correct
KantoBulbasaur
98%
Charmander
98%
Squirtle
96%
Charizard
94%
Ivysaur
94%
Blastoise
92%
Charmeleon
92%
Venusaur
91%
Wartortle
89%
Mudkip
84%
Torchic
82%
Cyndaquil
81%
Totodile
81%
JohtoChikorita
80%
Chimchar
79%
Piplup
79%
Tepig
79%
Blaziken
78%
UnovaSnivy
78%
Froakie
76%
Bayleef
75%
HoennTreecko
75%
SinnohTurtwig
75%
Typhlosion
75%
Meganium
74%
Quilava
74%
Sceptile
74%
Swampert
74%
Greninja
73%
Infernape
73%
Litten
72%
Oshawott
72%
Combusken
70%
AlolaRowlet
70%
KalosChespin
69%
Emboar
69%
Empoleon
69%
Feraligatr
69%
Marshtomp
69%
Torterra
69%
Fennekin
68%
Grovyle
68%
Croconaw
67%
Monferno
67%
Prinplup
65%
Samurott
64%
Delphox
63%
Dewott
63%
Grotle
63%
Serperior
63%
Pignite
62%
Popplio
62%
Incineroar
61%
Scorbunny
61%
Servine
60%
Sobble
60%
Braixen
59%
Chesnaught
59%
Decidueye
58%
Frogadier
58%
GalarGrookey
58%
Torracat
55%
Primarina
54%
Cinderace
53%
Quilladin
52%
Dartrix
51%
Raboot
50%
Rillaboom
49%
Brionne
48%
Inteleon
48%
Thwackey
42%
Drizzile
40%

Score Distribution

Percentile by Number Answered

Percent of People with Each Score

Your Score History

You have not taken this quiz since the last reset